|
|
|
|
| LEADER |
00793nam a2200145Ia 4500 |
| 008 |
121027s9999 xx 000 0 eng d |
| 020 |
|
|
|a 521817315
|
| 082 |
|
|
|a 418.02
|b RIC/T
|
| 100 |
|
|
|a Riccardi, Alessandra, Ed.
|
| 245 |
|
|
|a Translation studies: Perspectives on an emerging discipline /
|
| 260 |
|
|
|a Cambridge:
|b Cambridge University Press,
|c 2002.
|
| 300 |
|
|
|a 244p
|
| 505 |
|
|
|a 1. Paradoxes and aporias in translation and translation studies 2. Translator in between texts: On the textual presence of the translator as an issue in the methodologyof comparative translation description 3. Aspects of a theory of norms and some issue
|
| 999 |
|
|
|c 53472
|d 53472
|
| 952 |
|
|
|0 0
|1 0
|4 0
|6 418_020000000000000_RIC_T
|7 0
|9 53450
|a UL
|b UL
|c ST1
|d 2012-10-27
|l 6
|m 2
|o 418.02 RIC/T
|p 76756
|r 2017-04-01
|s 2016-11-18
|w 2012-10-27
|y BK
|